Les pays titrés en Grand Chelem depuis l'ère Open (simple hommes) - Statistiques

Statistiques générales
  • Ce quiz a été pris 1 376 fois
    1 271 depuis la dernière actualisation
  • Le résultat moyen est 15 sur 20
Statistiques - réponses
Titres Pays % Correct
30 Espagne
100%
52 États-Unis
98%
23 Suisse
98%
1 France
97%
21 Serbie
95%
3 Royaume-Uni
94%
5 Russie
93%
7 RFA / Allemagne
90%
1 Italie
89%
26 Suède
87%
20 Australie
86%
6 Argentine
83%
3 Brésil
79%
2 Autriche
68%
2 Croatie
63%
12 Tchécoslovaquie / Tchéquie
60%
1 Pays-Bas
57%
2 Roumanie
45%
1 Afrique du Sud
30%
1 Équateur
15%
Aucun quiz correspondant
Distribution des résultats
% des personnes avec chaque résultat
Percentile par nombre de réponses
Votre historique - résultats
Vous n’avez pas pris ce quiz depuis la dernière actualisation